| 000 | 01068nmc a2200385 a 4500 | ||
|---|---|---|---|
| 003 | AR-BaBNM | ||
| 005 | 20251128203004.0 | ||
| 008 | 027019s1964 ||||||||||||||000 | spa|| | ||
| 040 | _cAR-BaBNM | ||
| 100 | 1 | _aAguirre, José Fernando | |
| 245 | 1 | 0 |
_aLa segunda guerra mundial _n1 |
| 250 | _a3ª ed. | ||
| 260 |
_aBarcelona _bArgos _c1964 |
||
| 300 |
_a481 p. _bláms., il., mapas |
||
| 490 | 0 | _aImago/mundi | |
| 500 | _aContiene una cronología de los hechos p. 472. | ||
| 600 | 1 | 4 |
_aChurchill, Winston Spencer _d1874-1965 |
| 600 | 1 | 4 | _aHitler, Adolf |
| 600 | 1 | 4 | _aChamberlain, Joseph |
| 600 | 1 | 4 | _aMussolini, Benito |
| 600 | 0 | 4 | _aStalin |
| 650 | 4 | _aGUERRA | |
| 650 | 4 | _aGUERRAS MUNDIALES | |
| 650 | 4 | _aCIENCIAS POLITICAS | |
| 650 | 4 | _aCOMPORTAMIENTO | |
| 650 | 4 | _aOPERACIONES BELICAS | |
| 650 | 4 | _aCONFLICTO INTERNACIONAL | |
| 650 | 4 | _aFUERZAS ARMADAS | |
| 650 | 4 | _aNACIONES AGRESORAS | |
| 650 | 4 | _aAGRESION BELICA | |
| 650 | 4 | _aNACIONES AGRESORAS | |
| 700 | 1 |
_aToynbee, Arnold Joseph _eprologuista |
|
| 942 | _cBK | ||
| 998 | _cmariana | ||
| 999 |
_c1392 _d1392 |
||